000 00501nam a2200181Ia 4500
003 GCL
008 140319s9999 xx 000 0 eng d
040 _aGCL /
_cGCL
082 0 4 _a923.1
_bP M
100 1 _aPEOPLE'S REPUBLIC OF CHINA
245 1 0 _aMAO TSE-TONG: ON METHODS OF LEADERSHIP /
_cPEOPLE'S REPUBLIC OF CHINA
260 _a[S.N] :
_bFOREIGN LANGUAGES PUBLISHING HOUSE ،
_c1955
300 _a10 P
650 0 4 _aCHINA
650 0 4 _aBIOGRAPHY
650 0 4 _aMAO TSE-TONG
942 _2ddc
_cBK
999 _c12089
_d12089